Central Library OPAC University of Rajshahi

Accounting : (Record no. 15777)

MARC details
000 -LEADER
fixed length control field 00849nam a22002771a 4500
001 - CONTROL NUMBER
control field 15777
003 - CONTROL NUMBER IDENTIFIER
rucl marc code BD-RjUL
005 - DATE AND TIME OF LATEST TRANSACTION
control field 20211208235902.0
008 - FIXED-LENGTH DATA ELEMENTS--GENERAL INFORMATION
fixed length control field 140210r19671964ilu 1 0 eng d
035 ## - SYSTEM CONTROL NUMBER
System control number (BD-RjUL)15832
040 ## - CATALOGING SOURCE
Original cataloging agency NUN
Language of cataloging eng
Transcribing agency NUN
Modifying agency ABN-SNR
-- BD-RjUL
041 ## - LANGUAGE CODE
Language code of text/sound track or separate title eng
082 04 - DEWEY DECIMAL CLASSIFICATION NUMBER
Classification number 657
Author mark and year GOA 1967
100 1# - MAIN ENTRY--PERSONAL NAME
Personal name Gordon, Myron J.
9 (RLIN) 48933
245 10 - TITLE STATEMENT
Title Accounting :
Remainder of title a management approach /
Statement of responsibility, etc. by M.J.Gordon and G.Shillinglaw.
250 ## - EDITION STATEMENT
Edition statement 3rd ed.
260 ## - PUBLICATION, DISTRIBUTION, ETC. (IMPRINT)
Place of publication, distribution, etc. Homewood, Ill. :
Name of publisher, distributor, etc. Irwin,
Date of publication, distribution, etc. 1964 [reprinted 1967].
300 ## - PHYSICAL DESCRIPTION
Pagination xvi, 865 p. ;
Size 23 cm.
500 ## - GENERAL NOTE
General note 2nd ed. by Hill, Thomas M. and Gordon, Myron J.
504 ## - BIBLIOGRAPHY, ETC. NOTE
Bibliography, etc Includes index.
650 #0 - SUBJECT ADDED ENTRY--TOPICAL TERM
Topical term or geographic name as entry element Controllership.
9 (RLIN) 47671
Topical term or geographic name as entry element Accounting.
9 (RLIN) 48935
700 1# - ADDED ENTRY--PERSONAL NAME
Personal name Shilling Law, Gordon.
942 ## - ADDED ENTRY ELEMENTS (KOHA)
Source of classification or shelving scheme Dewey Decimal Classification
Koha item type Books
Holdings
Lost status Source of classification or shelving scheme Damaged status Not for loan Collection code Permanent Location Current Location Shelving location Date acquired Source of acquisition Cost, normal purchase price Total Checkouts Full call number Date last seen Copy number Koha item type
  Dewey Decimal Classification     Non-fiction Central Library, University of Rajshahi Central Library, University of Rajshahi   24/10/1968 Zeitlinger 85.00   657 GOA 1967 10/02/2014 C-10 Books
  Dewey Decimal Classification   Not For Loan Non-fiction Central Library, University of Rajshahi Central Library, University of Rajshahi Reading Room 17/02/1965 Zeitlinger 64.00   657 GOA 1967 24/01/2017 C-1 Books
  Dewey Decimal Classification     Non-fiction Central Library, University of Rajshahi Central Library, University of Rajshahi   17/02/1965 Zeitlinger 64.00   657 GOA 1964 11/06/2017 C-2 Books
  Dewey Decimal Classification     Non-fiction Central Library, University of Rajshahi Central Library, University of Rajshahi   24/10/1968 Zeitlinger 85.00   657 GOA 1966 11/06/2017 C-3 Books
  Dewey Decimal Classification     Non-fiction Central Library, University of Rajshahi Central Library, University of Rajshahi   25/05/1968 Zeitlinger 85.00   657 GOA 1967 11/06/2017 C-4 Books
  Dewey Decimal Classification     Non-fiction Central Library, University of Rajshahi Central Library, University of Rajshahi   17/02/1965 Zeitlinger 64.00   657 GOA 1964 11/06/2017 C-5 Books
  Dewey Decimal Classification     Non-fiction Central Library, University of Rajshahi Central Library, University of Rajshahi   25/05/1968 Zeitlinger 85.00   657 GOA 1967 11/06/2017 C-6 Books
  Dewey Decimal Classification     Non-fiction Central Library, University of Rajshahi Central Library, University of Rajshahi   17/02/1965 Zeitlinger 64.00   657 GOA 1964 11/06/2017 C-7 Books
  Dewey Decimal Classification     Non-fiction Central Library, University of Rajshahi Central Library, University of Rajshahi   17/02/1965 Zeitlinger 64.00   657 GOA 1964 11/06/2017 C-8 Books
  Dewey Decimal Classification     Non-fiction Central Library, University of Rajshahi Central Library, University of Rajshahi   17/02/1965 Zeitlinger 64.00   657 GOA 1964 11/06/2017 C-9 Books